00333nam a2200133Ia 45000030006000000080041000060400015000471000020000622450054000822500010001362600024001465460012001700050017001820STCL150530s9999 xx 000 0 und d aSTCLcSTCL aNarendran, K.K. aAll states orders under essential commodities act aFirst bSouthern Bookc1968 aEnglish20220125165704.0